000 00405nam a22001817a 4500
005 20241120135714.0
008 241120b |||||||| |||| 00| 0 eng d
020 _a 9789988071271
050 _aT58.5 INF
_b1
082 _25th
100 _aACCA
110 _aACCA
245 _aInformation systems
250 _a5th
260 _aLondon
_bBPP
_c2005
300 _axxiv,348p
942 _2lcc
_cBK
_e5th
_n0
999 _c1370
_d1370